| 000 | 00590cam a22001931 04500 | ||
|---|---|---|---|
| 001 | 45493 | ||
| 090 | _a45493 | ||
| 100 | _a19900501d1942 m y0pory5003 ba | ||
| 101 | 1 | _apor | |
| 102 | _aPT | ||
| 200 | 1 |
_aOs sistemas filosóficos _fpor André Cresson _gtrad. de Edmundo Curvelo |
|
| 210 | 9 |
_aLisboa _cEdições Cosmos, _dimp. 1942 |
|
| 215 |
_a2 v. _d20 cm |
||
| 225 | 2 |
_aBiblioteca Cosmos. _v24, 26. _h3.ª seccão, _iFilosofia e Religiões _v2, 3 |
|
| 675 |
_a14 _vBN _zpor |
||
| 700 | 1 |
_aCresson, _bAndré, _f1869-1950 |
|
| 702 | 1 |
_aCurvelo, _bEdmundo, _f1913-1954 _4730 |
|
| 801 | 0 |
_aPT _bBN _gRPC |
|
| 990 | _cLIVROS | ||